Datum a čas kvízu
29
Celkem bodů
Celkový počet nahraných bodů na tomto kvízu bez doplňovacích otázek.
6.
Pořadí na kvízu
Konečné umístění týmu na tomto kvízu.
Zaznamenané odpovědi
| # | Otázka | Odpověď | Body | Výsledky |
|---|---|---|---|---|
| 1. | Nezvykle brzy letos vykvetly n... | Jizerka | 1 | |
| 2. | Překvapení minulý týden neskrý... | policie | 1 | |
| 3. | Rozhořčení občané jednoho měst... | v Táboře | 0 | |
| 4. | Patříte-li mezi zákazníky inte... | fialová | 0 | |
| 5. | Ze soboty na neděli se v Las V... | (UFC) 300 | 0 | |
| 6. | V pěti otázkách tohoto tématu... | halit | 0 | |
| 7. | Jaká je denní dávka kuchyňské... | B | 1 | |
| 8. | Tato sůl získala své růžové zb... | himálajská | 1 | |
| 9. | Jak zní obchodní název takzvan... | Praganda | 1 | |
| 10. | Jeden z nejznámějších a nejsta... | D) Wieliczka | 1 |